| 000 | 00000cam 2200000zi 4500 |
| 001 | 9.963103 |
| 003 | CaOODSP |
| 005 | 20260527091049 |
| 006 | m o d f |
| 007 | cr |n||||||||| |
| 008 | 260526e202605##oncd ob f|0| 0 fre d |
| 040 | |aCaOODSP|bfre|erda|cCaOODSP |
| 043 | |an-cn--- |
| 086 | 1 |aXC67-1/1-451-10F-PDF |
| 110 | 1 |aCanada. |bParlement. |bChambre des communes. |bComité permanent des ressources humaines, du développement des compétences, du développement social et de la condition des personnes handicapées, |eauteur, |eorganisme de publication. |
| 245 | 12|aL'emploi des jeunes au Canada / |cle président Robert Morrissey. |
| 264 | 1|a[Ottawa] : |bChambre des communes, Canada = House of Commons, Canada, |cmai 2026. |
| 300 | |a1 ressource en ligne (ix, 53 pages) : |bgraphiques. |
| 336 | |atexte|btxt|2rdacontent/fre |
| 337 | |ainformatique|bc|2rdamedia/fre |
| 338 | |aressource en ligne|bcr|2rdacarrier/fre |
| 490 | 1 |aRapport du Comité permanent des ressources humaines, du développement des compétences, du développement social et de la condition des personnes handicapées ; |v10e rapport, 45e législature, 1re session |
| 500 | |aPublié aussi en anglais sous le titre : Youth employment in Canada. |
| 500 | |aDate de publication initiale : 25 mai 2026. Publié le : 26 mai 2026. |
| 504 | |aComprend des références bibliographiques. |
| 650 | 6|aJeunesse|xTravail|zCanada. |
| 700 | 1 |aMorrissey, Robert J., |d1954- |
| 775 | 08|tYouth employment in Canada / |w(CaOODSP)9.963102 |
| 830 | #0|aRapport du Comité permanent des ressources humaines, du développement des compétences, du développement social et de la condition des personnes handicapées ;|v10e rapport, 45e législature, 1re session.|w(CaOODSP)9.503393 |
| 856 | 40|qPDF|s3.65 Mo|uhttps://publications.gc.ca/collections/collection_2026/parl/xc67-1/XC67-1-1-451-10-fra.pdf |
| 856 | 4 |qHTML|sS.O.|uhttps://www.noscommunes.ca/documentviewer/fr/45-1/HUMA/rapport-10 |